Biggest City by Longitude - Statistics

General Stats
  • This quiz has been taken 26 times
  • The average score is 19 of 25
Answer Stats
Longitude Population City % Correct
130-120 W 19 M Los Angeles
100%
30-40 E 22 M Cairo
96%
110-100 W 22 M Mexico City
96%
60-50 W 13 M Rio de Janeiro
96%
130-140 E 37 M Tokyo
96%
70-80 E 26 M Mumbai
92%
10-20 E 13 M Paris
92%
70-60 W 22 M São Paulo
92%
0-10 E 14.5 M London
88%
120-110 W 5 M Phoenix
88%
40-50 E 15 M Tehran
88%
90-80 W 11 M Bogotá
84%
60-70 E 26 M Karachi
84%
80-70 W 11 M Lima
80%
100-110 E 15 M Bangkok
72%
90-100 E 23 M Dhaka
72%
110-120 E 34 M Jakarta
72%
20-30 E 16 M Istanbul
68%
80-90 E 14 M Kolkata
68%
120-130 E 24 M Manila
68%
100-90 W 3 M Guatemala City
52%
50-40 W 4 M Salvador
52%
10-0 W 5 M Abidjan
40%
50-60 E 3 M Mashhad
32%
20-10 W 2 M Conakry
28%
No matching quizzes found
Score Distribution
Percent of People with Each Score
Percentile by Number Answered
Your Score History
You have not taken this quiz